Data mining and knowledge management : (Record no. 23780)
[ view plain ]
| 000 -LEADER | |
|---|---|
| fixed length control field | 01194cam a22003015a 4500 |
| 001 - CONTROL NUMBER | |
| control field | 13812679 |
| 005 - DATE AND TIME OF LATEST TRANSACTION | |
| control field | 20161229114706.0 |
| 008 - FIXED-LENGTH DATA ELEMENTS--GENERAL INFORMATION | |
| fixed length control field | 041213t2004 gw a frb 101 0 eng d |
| 020 ## - INTERNATIONAL STANDARD BOOK NUMBER | |
| International Standard Book Number | 3540239871 |
| 020 ## - INTERNATIONAL STANDARD BOOK NUMBER | |
| International Standard Book Number | 9783540239871 |
| 040 ## - CATALOGING SOURCE | |
| Original cataloging agency | CUI |
| Transcribing agency | CUI |
| Modifying agency | C$Q |
| -- | DLC |
| -- | EG-ScBUE |
| Language of cataloging | eng |
| 082 04 - DEWEY DECIMAL CLASSIFICATION NUMBER | |
| Edition number | 22 |
| Classification number | 006.312 |
| Item number | DAT |
| 111 2# - MAIN ENTRY--MEETING NAME | |
| Meeting name or jurisdiction name as entry element | CASDMKM 2004 |
| Date of meeting | (2004 : |
| Location of meeting | Beijing, China) |
| 245 10 - TITLE STATEMENT | |
| Title | Data mining and knowledge management : |
| Remainder of title | Chinese Academy of Sciences Symposium CASDMKM 2004, Beijing, China, July 12-14, 2004 : revised papers / |
| Statement of responsibility, etc | editors Yong Shi, Weixuan Xu, Zhengxin Chen. |
| 246 30 - VARYING FORM OF TITLE | |
| Title proper/short title | CASDMKM 2004 |
| 260 ## - PUBLICATION, DISTRIBUTION, ETC. (IMPRINT) | |
| Place of publication, distribution, etc | Berlin : |
| -- | New York : |
| Name of publisher, distributor, etc | Springer, |
| Date of publication, distribution, etc | c.2004. |
| 300 ## - PHYSICAL DESCRIPTION | |
| Extent | xiii, 262 p. : |
| Other physical details | ill. ; |
| Dimensions | 24 cm. |
| 490 0# - Series Statement | |
| Series statement | Lecture notes in computer science, |
| International Standard Serial Number | 0302-9743 ; |
| Volume/sequential designation | 3327. |
| Series statement | Lecture notes in artificial intelligence |
| 504 ## - BIBLIOGRAPHY, ETC. NOTE | |
| Bibliography, etc | Includes bibliographical references and index. |
| 530 ## - ADDITIONAL PHYSICAL FORM AVAILABLE NOTE | |
| Additional physical form available note | Also issued online. |
| 650 #0 - SUBJECT ADDED ENTRY--TOPICAL TERM | |
| Topical term or geographic name as entry element | Data mining |
| Form subdivision | Congresses |
| Source of heading or term | BUEsh |
| 9 (RLIN) | 41074 |
| 650 #7 - SUBJECT ADDED ENTRY--TOPICAL TERM | |
| Topical term or geographic name as entry element | Knowledge management |
| Form subdivision | Congresses. |
| Source of heading or term | BUEsh |
| 653 ## - INDEX TERM--UNCONTROLLED | |
| Resource For college | Informatics and Computer Science |
| Arrived date list | December2016 |
| 700 1# - ADDED ENTRY--PERSONAL NAME | |
| Personal name | Shi, Yong, |
| Dates associated with a name | 1956- |
| Relator term | editor. |
| 700 1# - ADDED ENTRY--PERSONAL NAME | |
| Personal name | Xu, Weixuan, |
| Relator term | editor. |
| 700 1# - ADDED ENTRY--PERSONAL NAME | |
| Personal name | Chen, Zhengxin, |
| Relator term | editor. |
| 942 ## - ADDED ENTRY ELEMENTS (KOHA) | |
| Source of classification or shelving scheme | Dewey Decimal Classification |
| Withdrawn status | Item status | Source of classification or shelving scheme | Damaged status | Not for loan | Vendor | Home library | Current library | Shelving location | Date acquired | Source of acquisition | Cost, normal purchase price | Serial Enumeration / chronology | Total Checkouts | Full call number | Barcode | Date last seen | Cost, replacement price | Koha item type |
|---|---|---|---|---|---|---|---|---|---|---|---|---|---|---|---|---|---|---|
| Dewey Decimal Classification | Scientific home BookShop | Central Library | Central Library | Lower Floor | 29/12/2016 | Purchase | 450.00 | 2691 | 006.312 DAT | 000040697 | 15/07/2025 | 562.50 | Book - Borrowing |